[Event "T-Director's Swiss sytem"]
[Site "playchess.com #662980"]
[Date "2014.03.16"]
[Round "5"]
[White "Jobijo"]
[Black "Mariofad"]
[Result "0-1"]
[WhiteElo "1391"]
[BlackElo "1471"]
[PlyCount "80"]
[EventDate "2014.03.16"]
[EventType "swiss (blitz)"]

1. e4 {[%emt 0:00:03]} c5 {[%emt 0:00:01]} 2. Bc4 {[%emt 0:00:18]} a6 {[%emt 0:
00:03]} 3. Nf3 {[%emt 0:00:03]} Qc7 {[%emt 0:00:21]} 4. d3 {[%emt 0:00:10]} b5
{[%emt 0:00:01]} 5. Bd5 {[%emt 0:00:05]} Nc6 {[%emt 0:00:02]} 6. a3 {[%emt 0:
00:03]} e6 {[%emt 0:00:01]} 7. Ba2 {[%emt 0:00:02]} Bb7 {[%emt 0:00:00]} 8. Be3
{[%emt 0:00:04]} Be7 {[%emt 0:00:01]} 9. Nbd2 {[%emt 0:00:03]} Nf6 {[%emt 0:00:
00]} 10. Qe2 {[%emt 0:00:03]} d6 {[%emt 0:00:01]} 11. h3 {[%emt 0:00:03]} h6 {
[%emt 0:00:02]} 12. g4 {[%emt 0:00:03]} e5 {[%emt 0:00:05]} 13. Rg1 {[%emt 0:
00:10]} Rc8 {[%emt 0:00:03]} 14. h4 {[%emt 0:00:03]} Nd4 {[%emt 0:00:02]} 15.
Bxd4 {[%emt 0:00:08]} cxd4 {[%emt 0:00:03]} 16. Bb3 {[%emt 0:00:04]} d5 {[%emt
0:00:04]} 17. g5 {[%emt 0:00:09]} dxe4 {[%emt 0:00:02]} 18. gxf6 {[%emt 0:00:
07]} exf3 {[%emt 0:00:03]} 19. fxg7 {[%emt 0:00:06]} Rg8 {[%emt 0:00:03]
Jobijo reconnected.} 20. Nxf3 {[%emt 0:00:28]} Bxf3 {[%emt 0:00:03]} 21. Qxf3 {
[%emt 0:00:02]} Bxh4 {[%emt 0:00:01]} 22. Qh5 {[%emt 0:00:10]} Bg5 {[%emt 0:00:
01]} 23. Rg3 {[%emt 0:00:08]} Qe7 {[%emt 0:00:20]} 24. Rf3 {[%emt 0:00:05]} Rc7
{[%emt 0:00:02]} 25. Ke2 {[%emt 0:00:09]} Rxg7 {[%emt 0:00:02]} 26. Rg1 {[%emt
0:00:06]} e4 {[%emt 0:00:02]} 27. Rf5 {[%emt 0:00:31]} exd3+ {[%emt 0:00:09]}
28. Kxd3 {[%emt 0:00:04]} Kd8 {[%emt 0:02:20] Jobijo reconnected.} 29. Rg4 {
[%emt 0:00:05]} f6 {[%emt 0:00:03]} 30. Rxd4+ {[%emt 0:00:02]} Kc8 {[%emt 0:00:
03]} 31. Qg4 {[%emt 0:00:05]} Kb8 {[%emt 0:00:16]} 32. Rfd5 {[%emt 0:00:14]}
Rg8 {[%emt 0:00:05]} 33. Qf5 {[%emt 0:00:11]} Re8 {[%emt 0:00:05]} 34. Qf3 {
[%emt 0:00:07]} Qh7+ {[%emt 0:00:10]} 35. Re4 {[%emt 0:00:06]} Rce7 {[%emt 0:
00:06]} 36. Qg3+ {[%emt 0:00:05]} Ka8 {[%emt 0:00:04]} 37. f3 {[%emt 0:00:10]}
Rxe4 {[%emt 0:00:04]} 38. fxe4 {[%emt 0:00:06]} Qxe4+ {[%emt 0:00:02]} 39. Kc3
{[%emt 0:00:01]} Rc8+ {[%emt 0:00:04]} 40. Bc4 {[%emt 0:00:16]} Qxc4# {[%emt 0:
00:08]} 0-1

[Event "T-Director's Swiss sytem"]
[Site "playchess.com #662980"]
[Date "2014.03.16"]
[Round "2"]
[White "Jobijo"]
[Black "Moritex"]
[Result "0-1"]
[WhiteElo "1399"]
[BlackElo "1735"]
[PlyCount "84"]
[EventDate "2014.03.16"]
[EventType "swiss (blitz)"]

1. e4 {[%emt 0:00:25]} Nc6 {[%emt 0:00:03]} 2. d4 {[%emt 0:00:03]} d5 {[%emt 0:
00:01]} 3. e5 {[%emt 0:00:02]} f6 {[%emt 0:00:02]} 4. Nf3 {[%emt 0:00:04]} Bg4
{[%emt 0:00:09]} 5. exf6 {[%emt 0:00:05]} exf6 {[%emt 0:00:06]} 6. Be2 {[%emt
0:00:05]} Bd6 {[%emt 0:00:16]} 7. h3 {[%emt 0:00:02]} Bh5 {[%emt 0:00:08]} 8.
Nc3 {[%emt 0:00:05]} Nge7 {[%emt 0:00:02]} 9. Be3 {[%emt 0:00:04]} Qd7 {[%emt
0:00:02]} 10. Qd2 {[%emt 0:00:03]} a6 {[%emt 0:00:03]} 11. g4 {[%emt 0:00:02]}
Bg6 {[%emt 0:00:05]} 12. Nh4 {[%emt 0:00:03]} O-O-O {[%emt 0:00:05]} 13. a3 {
[%emt 0:00:05]} Rde8 {[%emt 0:00:08]} 14. b4 {[%emt 0:00:06]} Bf7 {[%emt 0:00:
24]} 15. b5 {[%emt 0:00:05]} axb5 {[%emt 0:00:09]} 16. Bxb5 {[%emt 0:00:02]} g5
{[%emt 0:00:11]} 17. Nf3 {[%emt 0:00:04]} Ng6 {[%emt 0:00:01]} 18. a4 {[%emt 0:
00:05]} Qe7 {[%emt 0:00:19]} 19. Kd1 {[%emt 0:00:05]} Nf4 {[%emt 0:00:03]} 20.
Bxc6 {[%emt 0:00:13]} bxc6 {[%emt 0:00:02]} 21. a5 {[%emt 0:00:04]} Kd7 {[%emt
0:00:02]} 22. Ne2 {[%emt 0:00:11]} Ng2 {[%emt 0:00:01]} 23. Ng3 {[%emt 0:00:36]
} Nxe3+ {[%emt 0:00:07]} 24. fxe3 {[%emt 0:00:20]} Bxg3 {[%emt 0:00:03]} 25.
Rg1 {[%emt 0:00:15]} Bd6 {[%emt 0:00:11]} 26. Re1 {[%emt 0:00:03]} Qe4 {[%emt
0:00:05]} 27. Ng1 {[%emt 0:00:13]} Bg6 {[%emt 0:00:05]} 28. a6 {[%emt 0:00:07]}
Bg3 {[%emt 0:00:14]} 29. Rf1 {[%emt 0:00:06]} Qxe3 {[%emt 0:00:05]} 30. Qxe3 {
[%emt 0:00:02]} Rxe3 {[%emt 0:00:01]} 31. Ne2 {[%emt 0:00:07]} Rhe8 {[%emt 0:
00:10]} 32. Nxg3 {[%emt 0:00:04]} Rxg3 {[%emt 0:00:03]} 33. Rxf6 {[%emt 0:00:
02]} Rg1+ {[%emt 0:00:03]} 34. Kd2 {[%emt 0:00:06]} Rxa1 {[%emt 0:00:01]} 35.
Rf2 {[%emt 0:00:08]} Rxa6 {[%emt 0:00:03]} 36. Rg2 {[%emt 0:00:17]} Ra2 {[%emt
0:00:02]} 37. Kc1 {[%emt 0:00:03]} Re1+ {[%emt 0:00:03]} 38. Kd2 {[%emt 0:00:
04]} Rxc2+ {[%emt 0:00:04]} 39. Kxe1 {[%emt 0:00:02]} Rxg2 {[%emt 0:00:01]} 40.
Kf1 {[%emt 0:00:02]} Be4 {[%emt 0:00:02]} 41. Ke1 {[%emt 0:00:02]} c5 {[%emt 0:
00:02]} 42. dxc5 {[%emt 0:00:02]} Kc6 {[%emt 0:00:02] Jobijo abandonne} 0-1

[Event "T-Director's Swiss sytem"]
[Site "playchess.com #662980"]
[Date "2014.03.16"]
[Round "4"]
[White "Jobijo"]
[Black "TapaniS"]
[Result "0-1"]
[WhiteElo "1393"]
[BlackElo "1887"]
[PlyCount "62"]
[EventDate "2014.03.16"]
[EventType "swiss (blitz)"]

1. e4 {[%emt 0:00:02]} d5 {[%emt 0:00:02]} 2. e5 {[%emt 0:00:01]} d4 {[%emt 0:
00:02]} 3. Nf3 {[%emt 0:00:02]} c5 {[%emt 0:00:02]} 4. d3 {[%emt 0:00:01]} Nc6
{[%emt 0:00:02]} 5. Bf4 {[%emt 0:00:02]} Bg4 {[%emt 0:00:03]} 6. h3 {[%emt 0:
00:02]} Bh5 {[%emt 0:00:03]} 7. g4 {[%emt 0:00:01]} Bg6 {[%emt 0:00:01]} 8. Be2
{[%emt 0:00:01]} e6 {[%emt 0:00:04]} 9. h4 {[%emt 0:00:02]} h6 {[%emt 0:00:07]}
10. h5 {[%emt 0:00:01]} Bh7 {[%emt 0:00:01]} 11. g5 {[%emt 0:00:01]} hxg5 {
[%emt 0:00:03]} 12. Bxg5 {[%emt 0:00:02]} Be7 {[%emt 0:00:02]} 13. Bf4 {[%emt
0:00:08]} Nh6 {[%emt 0:00:04]} 14. Bxh6 {[%emt 0:00:03]} gxh6 {[%emt 0:00:02]}
15. Nbd2 {[%emt 0:00:02]} Qd5 {[%emt 0:00:06]} 16. Rg1 {[%emt 0:00:08]} O-O-O {
[%emt 0:00:05]} 17. Nc4 {[%emt 0:00:03]} b5 {[%emt 0:00:13]} 18. Ncd2 {[%emt 0:
00:11]} Nxe5 {[%emt 0:00:03]} 19. Nb3 {[%emt 0:00:17]} Rhg8 {[%emt 0:00:12]}
20. Rf1 {[%emt 0:00:08]} Bg5 {[%emt 0:00:43]} 21. Nxg5 {[%emt 0:00:04]} hxg5 {
[%emt 0:00:09]} 22. Qd2 {[%emt 0:00:01]} c4 {[%emt 0:00:17]} 23. dxc4 {[%emt 0:
00:09]} bxc4 {[%emt 0:00:01]} 24. Na5 {[%emt 0:00:39]} c3 {[%emt 0:00:03]} 25.
Ba6+ {[%emt 0:00:08]} Kc7 {[%emt 0:00:15]} 26. Qe2 {[%emt 0:00:12]} Qxa5 {
[%emt 0:00:21]} 27. bxc3 {[%emt 0:00:47]} Qxc3+ {[%emt 0:00:33]} 28. Kd1 {
[%emt 0:00:02]} Qxa1+ {[%emt 0:00:02]} 29. Kd2 {[%emt 0:00:01]} Qc3+ {[%emt 0:
00:05]} 30. Kc1 {[%emt 0:00:01]} d3 {[%emt 0:00:07]} 31. Qe1 {[%emt 0:00:18]}
Qxc2# {[%emt 0:00:06]} 0-1

[Event "T-Director's Swiss sytem"]
[Site "playchess.com #662980"]
[Date "2014.03.16"]
[Round "3"]
[White "Jobito"]
[Black "Kenis"]
[Result "1-0"]
[WhiteElo "1514"]
[BlackElo "1490"]
[PlyCount "87"]
[EventDate "2014.03.16"]
[EventType "swiss (blitz)"]

1. e4 {[%emt 0:00:04]} e5 {[%emt 0:00:01]} 2. Nf3 {[%emt 0:00:02]} d6 {[%emt 0:
00:01]} 3. Bc4 {[%emt 0:00:02]} Be7 {[%emt 0:00:01]} 4. h3 {[%emt 0:00:02]} Nf6
{[%emt 0:00:01]} 5. O-O {[%emt 0:00:01]} Nxe4 {[%emt 0:00:03]} 6. d4 {[%emt 0:
00:01]} exd4 {[%emt 0:00:02]} 7. Nxd4 {[%emt 0:00:01]} O-O {[%emt 0:00:02]} 8.
Qf3 {[%emt 0:00:03]} Nf6 {[%emt 0:00:06]} 9. Bd3 {[%emt 0:00:02]} c5 {[%emt 0:
00:06]} 10. Nf5 {[%emt 0:00:02]} Bxf5 {[%emt 0:00:01]} 11. Qxf5 {[%emt 0:00:02]
} Qc8 {[%emt 0:00:06]} 12. Qf3 {[%emt 0:00:03]} Nc6 {[%emt 0:00:02]} 13. Nc3 {
[%emt 0:00:02]} Ne5 {[%emt 0:00:01]} 14. Qg3 {[%emt 0:00:01]} Nxd3 {[%emt 0:00:
01]} 15. Qxd3 {[%emt 0:00:03]} Qc6 {[%emt 0:00:11]} 16. Bg5 {[%emt 0:00:03]} h6
{[%emt 0:00:02]} 17. Bxf6 {[%emt 0:00:02]} Bxf6 {[%emt 0:00:01]} 18. Nd5 {
[%emt 0:00:04]} Bd8 {[%emt 0:00:20]} 19. Rae1 {[%emt 0:00:05]} c4 {[%emt 0:00:
02]} 20. Qd4 {[%emt 0:00:03]} Bb6 {[%emt 0:00:03]} 21. Ne7+ {[%emt 0:00:06]}
Kh8 {[%emt 0:00:03]} 22. Nxc6 {[%emt 0:00:01]} Bxd4 {[%emt 0:00:01]} 23. Nxd4 {
[%emt 0:00:01]} d5 {[%emt 0:00:01]} 24. c3 {[%emt 0:00:01]} a6 {[%emt 0:00:05]}
25. Re7 {[%emt 0:00:02]} b5 {[%emt 0:00:02]} 26. Rd7 {[%emt 0:00:03]} Rfd8 {
[%emt 0:00:02]} 27. Rxf7 {[%emt 0:00:02]} Kg8 {[%emt 0:00:02]} 28. Re7 {[%emt
0:00:02]} Re8 {[%emt 0:00:03]} 29. Rfe1 {[%emt 0:00:01]} Rxe7 {[%emt 0:00:01]}
30. Rxe7 {[%emt 0:00:01]} Kf8 {[%emt 0:00:00]} 31. Rd7 {[%emt 0:00:01]} Rb8 {
[%emt 0:00:02]} 32. Rxd5 {[%emt 0:00:01]} b4 {[%emt 0:00:01]} 33. Rd6 {[%emt 0:
00:03]} bxc3 {[%emt 0:00:01]} 34. bxc3 {[%emt 0:00:02]} Ra8 {[%emt 0:00:05]}
35. Rd7 {[%emt 0:00:05]} a5 {[%emt 0:00:01]} 36. Ne6+ {[%emt 0:00:02]} Kg8 {
[%emt 0:00:04]} 37. Rxg7+ {[%emt 0:00:02]} Kh8 {[%emt 0:00:01]} 38. Rb7 {[%emt
0:00:04]} a4 {[%emt 0:00:01]} 39. Nf4 {[%emt 0:00:05]} a3 {[%emt 0:00:02]} 40.
Ng6+ {[%emt 0:00:01]} Kg8 {[%emt 0:00:02]} 41. Ne5 {[%emt 0:00:02]} Rd8 {[%emt
0:00:05]} 42. Nd7 {[%emt 0:00:02]} Kh8 {[%emt 0:00:02]} 43. Nf6 {[%emt 0:00:02]
} Rd2 {[%emt 0:00:02]} 44. Rh7# {[%emt 0:00:03]} 1-0

[Event "T-Director's Swiss sytem"]
[Site "playchess.com #662980"]
[Date "2014.03.16"]
[Round "5"]
[White "Jobito"]
[Black "Seewald"]
[Result "0-1"]
[WhiteElo "1675"]
[BlackElo "1728"]
[PlyCount "71"]
[EventDate "2014.03.16"]
[EventType "swiss (blitz)"]

1. e4 {[%emt 0:00:04]} Nc6 {[%emt 0:00:02]} 2. d4 {[%emt 0:00:04]} e5 {[%emt 0:
00:01]} 3. d5 {[%emt 0:00:02]} Nce7 {[%emt 0:00:01]} 4. Nf3 {[%emt 0:00:02]}
Ng6 {[%emt 0:00:01]} 5. c4 {[%emt 0:00:02]} Bc5 {[%emt 0:00:01]} 6. Nc3 {[%emt
0:00:02]} Nf6 {[%emt 0:00:01]} 7. a3 {[%emt 0:00:02]} a6 {[%emt 0:00:02]} 8.
Be2 {[%emt 0:00:04]} O-O {[%emt 0:00:02]} 9. b4 {[%emt 0:00:02]} Ba7 {[%emt 0:
00:01]} 10. O-O {[%emt 0:00:03]} d6 {[%emt 0:00:16]} 11. h3 {[%emt 0:00:03]} h6
{[%emt 0:00:03]} 12. Bd2 {[%emt 0:00:04]} Nh7 {[%emt 0:00:37]} 13. Kh1 {[%emt
0:00:07]} f5 {[%emt 0:00:03]} 14. exf5 {[%emt 0:00:11]} Bxf5 {[%emt 0:00:00]}
15. Be3 {[%emt 0:00:05]} Qd7 {[%emt 0:00:07]} 16. Bd3 {[%emt 0:00:06]} Bxd3 {
[%emt 0:00:04]} 17. Qxd3 {[%emt 0:00:03]} Nf4 {[%emt 0:00:02]} 18. Bxf4 {[%emt
0:00:05]} Rxf4 {[%emt 0:00:00]} 19. Ne4 {[%emt 0:00:04]} Raf8 {[%emt 0:00:06]}
20. Ng3 {[%emt 0:00:05]} Rxf3 {[%emt 0:00:06]} 21. Qe2 {[%emt 0:00:32]} Rxf2 {
[%emt 0:00:04]} 22. Rxf2 {[%emt 0:00:11]} Rxf2 {[%emt 0:00:00]} 23. Qd3 {[%emt
0:00:09]} Bd4 {[%emt 0:00:17]} 24. Rf1 {[%emt 0:00:10]} Rxf1+ {[%emt 0:00:01]}
25. Nxf1 {[%emt 0:00:01]} Qf7 {[%emt 0:00:01]} 26. Ng3 {[%emt 0:00:03]} Qf2 {
[%emt 0:00:03]} 27. Ne2 {[%emt 0:00:10]} Ng5 {[%emt 0:00:09]} 28. Nxd4 {[%emt
0:00:04]} Qxd4 {[%emt 0:00:05]} 29. Qe2 {[%emt 0:00:03]} e4 {[%emt 0:00:03]}
30. Qh5 {[%emt 0:00:07]} Kh7 {[%emt 0:00:16]} 31. Qe2 {[%emt 0:00:03]} e3 {
[%emt 0:00:02]} 32. Qc2+ {[%emt 0:00:04]} Qe4 {[%emt 0:00:02]} 33. Qe2 {[%emt
0:00:01]} Nf7 {[%emt 0:00:06]} 34. Kh2 {[%emt 0:00:05]} Ne5 {[%emt 0:00:01]}
35. g3 {[%emt 0:00:09]} Nf3+ {[%emt 0:00:23]} 36. Kg2 {[%emt 0:00:14] Jobito
resigns} 0-1

[Event "T-Director's Swiss sytem"]
[Site "playchess.com #662980"]
[Date "2014.03.16"]
[Round "6"]
[White "Jobito"]
[Black "Utz"]
[Result "0-1"]
[WhiteElo "1617"]
[BlackElo "1680"]
[PlyCount "118"]
[EventDate "2014.03.16"]
[EventType "swiss (blitz)"]

1. e4 {[%emt 0:00:02]} d6 {[%emt 0:00:00]} 2. d4 {[%emt 0:00:03]} Nf6 {[%emt 0:
00:00]} 3. Nd2 {[%emt 0:00:03]} g6 {[%emt 0:00:01]} 4. Bd3 {[%emt 0:00:01]} Bg7
{[%emt 0:00:01]} 5. Ne2 {[%emt 0:00:01]} O-O {[%emt 0:00:01]} 6. c3 {[%emt 0:
00:01]} e5 {[%emt 0:00:01]} 7. O-O {[%emt 0:00:02]} exd4 {[%emt 0:00:01]} 8.
cxd4 {[%emt 0:00:02]} Re8 {[%emt 0:00:02]} 9. h3 {[%emt 0:00:04]} Nc6 {[%emt 0:
00:01]} 10. Nb3 {[%emt 0:00:03]} Nb4 {[%emt 0:00:02]} 11. Bb1 {[%emt 0:00:04]}
a5 {[%emt 0:00:06]} 12. Ng3 {[%emt 0:00:03]} h5 {[%emt 0:00:15]} 13. a3 {[%emt
0:00:04]} Nc6 {[%emt 0:00:13]} 14. d5 {[%emt 0:00:02]} Ne5 {[%emt 0:00:04]} 15.
Nd4 {[%emt 0:00:03]} h4 {[%emt 0:00:12]} 16. Nge2 {[%emt 0:00:04]} c5 {[%emt 0:
00:05] Jobito reconnected.} 17. Nb3 {[%emt 0:00:39]} c4 {[%emt 0:00:13]} 18.
Nd2 {[%emt 0:00:03]} Nd3 {[%emt 0:00:04]} 19. Nc3 {[%emt 0:00:08]} Bd7 {[%emt
0:00:07]} 20. Nxc4 {[%emt 0:00:08]} Nxc1 {[%emt 0:00:04]} 21. Qxc1 {[%emt 0:00:
04]} b5 {[%emt 0:00:01]} 22. Nxd6 {[%emt 0:00:05]} Rf8 {[%emt 0:00:02]} 23. e5
{[%emt 0:00:03]} Ne8 {[%emt 0:00:10]} 24. Re1 {[%emt 0:00:02]} Nxd6 {[%emt 0:
00:03]} 25. exd6 {[%emt 0:00:02]} b4 {[%emt 0:00:06]} 26. axb4 {[%emt 0:00:02]}
axb4 {[%emt 0:00:02]} 27. Rxa8 {[%emt 0:00:03]} Qxa8 {[%emt 0:00:02]} 28. Na2 {
[%emt 0:00:04]} Qxd5 {[%emt 0:00:11]} 29. Nxb4 {[%emt 0:00:02]} Qxd6 {[%emt 0:
00:01]} 30. Nd3 {[%emt 0:00:02]} Be6 {[%emt 0:00:03]} 31. b4 {[%emt 0:00:05]}
Rc8 {[%emt 0:00:09]} 32. Nc5 {[%emt 0:00:02]} Re8 {[%emt 0:00:34] Jobito
reconnected.} 33. Qe3 {[%emt 0:00:29]} Bd7 {[%emt 0:00:08]} 34. Qc1 {[%emt 0:
00:08]} Rc8 {[%emt 0:00:05]} 35. Qg5 {[%emt 0:00:07]} Bb5 {[%emt 0:00:15]
Jobito reconnected.} 36. Qxh4 {[%emt 0:00:34]} Qd2 {[%emt 0:00:10]} 37. Qe4 {
[%emt 0:00:02]} Re8 {[%emt 0:00:04]} 38. Qxe8+ {[%emt 0:00:08]} Bxe8 {[%emt 0:
00:02]} 39. Rxe8+ {[%emt 0:00:02]} Kh7 {[%emt 0:00:01]} 40. Be4 {[%emt 0:00:02]
} Bd4 {[%emt 0:00:05]} 41. Nd3 {[%emt 0:00:08]} f5 {[%emt 0:00:08]} 42. Re7+ {
[%emt 0:00:11]} Kh6 {[%emt 0:00:07]} 43. Bxf5 {[%emt 0:00:23]} gxf5 {[%emt 0:
00:01]} 44. Nc5 {[%emt 0:00:01]} Qxf2+ {[%emt 0:00:02]} 45. Kh2 {[%emt 0:00:03]
} Bxc5 {[%emt 0:00:01]} 46. bxc5 {[%emt 0:00:04]} Qxc5 {[%emt 0:00:02]} 47.
Re6+ {[%emt 0:00:09]} Kg7 {[%emt 0:00:01]} 48. h4 {[%emt 0:00:02]} f4 {[%emt 0:
00:07]} 49. Re4 {[%emt 0:00:05]} Qf5 {[%emt 0:00:05]} 50. Re7+ {[%emt 0:00:04]}
Kf8 {[%emt 0:00:02]} 51. Rb7 {[%emt 0:00:05]} Qg4 {[%emt 0:00:05]} 52. Rh7 {
[%emt 0:00:04]} Qg3+ {[%emt 0:00:03]} 53. Kh1 {[%emt 0:00:07]} Kg8 {[%emt 0:00:
06]} 54. Rh5 {[%emt 0:00:02]} Qe1+ {[%emt 0:00:05]} 55. Kh2 {[%emt 0:00:08]}
Qf2 {[%emt 0:00:01] Jobito reconnected.} 56. Rg5+ {[%emt 0:00:28]} Kf7 {[%emt
0:00:05]} 57. Kh3 {[%emt 0:00:03]} Kf6 {[%emt 0:00:03]} 58. Rg8 {[%emt 0:00:07]
} Kf7 {[%emt 0:00:05]} 59. Rg5 {[%emt 0:00:02] Jobito offers a draw} Kf6 {
[%emt 0:00:10] Arbiter Decision (Adjudicated by T-Director, lag), 0} 0-1

[Event "T-Director's Swiss sytem"]
[Site "playchess.com #662980"]
[Date "2014.03.16"]
[Round "4"]
[White "Jorden"]
[Black "Bozo333"]
[Result "1-0"]
[WhiteElo "2492"]
[BlackElo "1888"]
[PlyCount "115"]
[EventDate "2014.03.16"]
[EventType "swiss (blitz)"]

1. e4 {[%emt 0:00:01]} e6 {[%emt 0:00:01]} 2. d4 {[%emt 0:00:01]} d5 {[%emt 0:
00:02]} 3. Nc3 {[%emt 0:00:00]} Nf6 {[%emt 0:00:01]} 4. Bg5 {[%emt 0:00:02]}
Bb4 {[%emt 0:00:01]} 5. e5 {[%emt 0:00:01]} h6 {[%emt 0:00:01]} 6. Bc1 {[%emt
0:00:01]} Ne4 {[%emt 0:00:06]} 7. Nge2 {[%emt 0:00:00]} c5 {[%emt 0:00:02]} 8.
a3 {[%emt 0:00:03]} Nxc3 {[%emt 0:00:14]} 9. Nxc3 {[%emt 0:00:06]} Bxc3+ {
[%emt 0:00:06]} 10. bxc3 {[%emt 0:00:01]} Nc6 {[%emt 0:00:03]} 11. Qg4 {[%emt
0:00:04]} Kf8 {[%emt 0:00:06]} 12. Bd3 {[%emt 0:00:02]} c4 {[%emt 0:00:01]} 13.
Be2 {[%emt 0:00:01]} Bd7 {[%emt 0:00:02]} 14. h4 {[%emt 0:00:01]} Ne7 {[%emt 0:
00:03]} 15. Rh3 {[%emt 0:00:04]} Ba4 {[%emt 0:00:05]} 16. Bd1 {[%emt 0:00:03]}
Nf5 {[%emt 0:00:02]} 17. Qf4 {[%emt 0:00:02]} h5 {[%emt 0:00:11]} 18. Rb1 {
[%emt 0:00:11]} b6 {[%emt 0:00:04]} 19. f3 {[%emt 0:00:14]} Qe7 {[%emt 0:00:30]
} 20. Kf2 {[%emt 0:00:15]} Ke8 {[%emt 0:00:06]} 21. Rb4 {[%emt 0:00:04]} b5 {
[%emt 0:00:05]} 22. Qg5 {[%emt 0:00:17]} Qxg5 {[%emt 0:00:14]} 23. Bxg5 {[%emt
0:00:07]} Kd7 {[%emt 0:00:09]} 24. g4 {[%emt 0:00:14]} Ne7 {[%emt 0:00:14]} 25.
Rg3 {[%emt 0:00:08]} g6 {[%emt 0:00:03]} 26. Bf6 {[%emt 0:00:01]} Rh7 {[%emt 0:
00:04] Bozo333 propose la nulle} 27. Rb2 {[%emt 0:00:15]} Ng8 {[%emt 0:00:13]}
28. Bg5 {[%emt 0:00:05]} Ne7 {[%emt 0:00:11]} 29. Ke3 {[%emt 0:00:04]} Rg8 {
[%emt 0:00:05]} 30. Be2 {[%emt 0:00:02]} Rgh8 {[%emt 0:00:13]} 31. Bf6 {[%emt
0:00:02]} Rf8 {[%emt 0:00:03]} 32. Kd2 {[%emt 0:00:01]} Ng8 {[%emt 0:00:02]}
33. Bg5 {[%emt 0:00:01]} Ne7 {[%emt 0:00:13]} 34. Rb1 {[%emt 0:00:02]} Ng8 {
[%emt 0:00:17]} 35. Rf1 {[%emt 0:00:12]} Nh6 {[%emt 0:00:08]} 36. gxh5 {[%emt
0:00:04]} gxh5 {[%emt 0:00:03]} 37. Bxh6 {[%emt 0:00:02]} Rxh6 {[%emt 0:00:01]}
38. f4 {[%emt 0:00:01]} Ke7 {[%emt 0:00:20]} 39. f5 {[%emt 0:00:04]} Rfh8 {
[%emt 0:00:23]} 40. fxe6 {[%emt 0:00:07]} Rxe6 {[%emt 0:00:10]} 41. Rg5 {[%emt
0:00:03]} b4 {[%emt 0:00:05]} 42. axb4 {[%emt 0:00:02]} Bd7 {[%emt 0:00:13]}
43. Rxh5 {[%emt 0:00:07]} Rxh5 {[%emt 0:00:03]} 44. Bxh5 {[%emt 0:00:01]} Rh6 {
[%emt 0:00:00]} 45. Bxf7 {[%emt 0:00:03]} Rxh4 {[%emt 0:00:03]} 46. Bxd5 {
[%emt 0:00:01]} Rh2+ {[%emt 0:00:02]} 47. Kc1 {[%emt 0:00:01]} Ba4 {[%emt 0:00:
04]} 48. Be4 {[%emt 0:00:01]} Re2 {[%emt 0:00:03]} 49. Rf4 {[%emt 0:00:02]} Ke6
{[%emt 0:00:18]} 50. Rf6+ {[%emt 0:00:05]} Ke7 {[%emt 0:00:01]} 51. Ra6 {[%emt
0:00:01]} Bb5 {[%emt 0:00:08]} 52. Rxa7+ {[%emt 0:00:01]} Ke6 {[%emt 0:00:01]}
53. Rb7 {[%emt 0:00:02]} Ba4 {[%emt 0:00:08]} 54. Bg6 {[%emt 0:00:05]} Rg2 {
[%emt 0:00:10]} 55. Bh7 {[%emt 0:00:09]} Rh2 {[%emt 0:00:03]} 56. Kb2 {[%emt 0:
00:03]} Bc6 {[%emt 0:00:09]} 57. Rb6 {[%emt 0:00:05]} Kd5 {[%emt 0:00:04]} 58.
Bg8+ {[%emt 0:00:04] Bozo333 abandonne} 1-0

[Event "T-Director's Swiss sytem"]
[Site "playchess.com #662980"]
[Date "2014.03.16"]
[Round "8"]
[White "Jorden"]
[Black "Mr bh6"]
[Result "0-1"]
[WhiteElo "2483"]
[BlackElo "2693"]
[PlyCount "106"]
[EventDate "2014.03.16"]
[EventType "swiss (blitz)"]

1. e4 {[%emt 0:00:01]} e6 {[%emt 0:00:11]} 2. d4 {[%emt 0:00:02]} d5 {[%emt 0:
00:00]} 3. Nd2 {[%emt 0:00:01]} Be7 {[%emt 0:00:03]} 4. c3 {[%emt 0:00:02]} c5
{[%emt 0:00:17]} 5. dxc5 {[%emt 0:00:00]} Nf6 {[%emt 0:00:05]} 6. Bd3 {[%emt 0:
00:06]} O-O {[%emt 0:00:05]} 7. Qe2 {[%emt 0:00:04]} Nc6 {[%emt 0:00:04]} 8.
Ngf3 {[%emt 0:00:01]} d4 {[%emt 0:00:03]} 9. e5 {[%emt 0:00:13]} dxc3 {[%emt 0:
00:03]} 10. bxc3 {[%emt 0:00:02]} Nd7 {[%emt 0:00:03]} 11. O-O {[%emt 0:00:08]}
Nxc5 {[%emt 0:00:06]} 12. Bc2 {[%emt 0:00:01]} b6 {[%emt 0:00:02]} 13. Ne4 {
[%emt 0:00:02]} Ba6 {[%emt 0:00:02]} 14. c4 {[%emt 0:00:03]} Nd4 {[%emt 0:00:
01]} 15. Nxd4 {[%emt 0:00:03]} Qxd4 {[%emt 0:00:00]} 16. Be3 {[%emt 0:00:46]}
Qxc4 {[%emt 0:00:07]} 17. Qxc4 {[%emt 0:00:09]} Bxc4 {[%emt 0:00:00]} 18. Rfc1
{[%emt 0:00:01]} Bd5 {[%emt 0:00:09]} 19. Nxc5 {[%emt 0:00:06]} Bxc5 {[%emt 0:
00:01]} 20. Bxc5 {[%emt 0:00:02]} bxc5 {[%emt 0:00:00]} 21. Bb3 {[%emt 0:00:01]
} Rac8 {[%emt 0:00:05]} 22. Rc3 {[%emt 0:00:00]} c4 {[%emt 0:00:04]} 23. Bc2 {
[%emt 0:00:06]} Rc7 {[%emt 0:00:02]} 24. Rb1 {[%emt 0:00:02]} Rfc8 {[%emt 0:00:
03]} 25. f3 {[%emt 0:00:01]} f6 {[%emt 0:00:07]} 26. exf6 {[%emt 0:00:06]} gxf6
{[%emt 0:00:00]} 27. Kf2 {[%emt 0:00:00]} Kg7 {[%emt 0:00:05]} 28. a4 {[%emt 0:
00:01]} f5 {[%emt 0:00:07]} 29. Rb5 {[%emt 0:00:02]} Kf6 {[%emt 0:00:01]} 30.
h3 {[%emt 0:00:06]} h5 {[%emt 0:00:08]} 31. h4 {[%emt 0:00:03]} Rg7 {[%emt 0:
00:04]} 32. g3 {[%emt 0:00:18]} Rcg8 {[%emt 0:00:02]} 33. f4 {[%emt 0:00:01]}
Rc8 {[%emt 0:00:06]} 34. Bd1 {[%emt 0:00:01]} Kg6 {[%emt 0:00:04]} 35. Rb4 {
[%emt 0:00:05]} Rgc7 {[%emt 0:00:01]} 36. Be2 {[%emt 0:00:02]} Rc5 {[%emt 0:00:
05]} 37. Ke3 {[%emt 0:00:04]} R5c6 {[%emt 0:00:06]} 38. Kd4 {[%emt 0:00:02]}
Ra6 {[%emt 0:00:05]} 39. Bf1 {[%emt 0:00:19]} Rd6 {[%emt 0:00:11]} 40. Ke3 {
[%emt 0:00:01]} Rb6 {[%emt 0:00:01]} 41. Rxb6 {[%emt 0:00:02]} axb6 {[%emt 0:
00:00]} 42. Kd4 {[%emt 0:00:01]} Ra8 {[%emt 0:00:05]} 43. Bxc4 {[%emt 0:00:15]}
Rxa4 {[%emt 0:00:02]} 44. Kd3 {[%emt 0:00:01]} Rxc4 {[%emt 0:00:06]} 45. Rxc4 {
[%emt 0:00:00]} Bxc4+ {[%emt 0:00:00]} 46. Kxc4 {[%emt 0:00:00]} Kf6 {[%emt 0:
00:00]} 47. Kb5 {[%emt 0:00:47]} e5 {[%emt 0:00:00]} 48. Kc4 {[%emt 0:00:03]}
e4 {[%emt 0:00:05]} 49. Kd4 {[%emt 0:00:09]} b5 {[%emt 0:00:00]} 50. Kc3 {
[%emt 0:00:07]} Ke6 {[%emt 0:00:01]} 51. Kd4 {[%emt 0:00:03]} b4 {[%emt 0:00:
02]} 52. Kc4 {[%emt 0:00:03]} e3 {[%emt 0:00:00]} 53. Kd3 {[%emt 0:00:00]} b3 {
[%emt 0:00:01] Jorden resigns} 0-1